| 000 -LEADER |
| fixed length control field |
00658nam a22002057a 4500 |
| 001 - CONTROL NUMBER |
| control field |
18501 |
| 003 - CONTROL NUMBER IDENTIFIER |
| control field |
BD-DhUAP |
| 005 - DATE AND TIME OF LATEST TRANSACTION |
| control field |
20200312120548.0 |
| 008 - FIXED-LENGTH DATA ELEMENTS--GENERAL INFORMATION |
| fixed length control field |
200312s2004 enk |||| |||| 001 0 eng d |
| 020 ## - INTERNATIONAL STANDARD BOOK NUMBER |
| International Standard Book Number |
9780140424423 |
| 040 ## - CATALOGING SOURCE |
| Original cataloging agency |
BD-DhUAP |
| Language of cataloging |
Eng |
| Transcribing agency |
BD-DhUAP |
| Modifying agency |
BD-DhUAP |
| 082 ## - DEWEY DECIMAL CLASSIFICATION NUMBER |
| Edition number |
23 |
| Classification number |
821.7 WOR |
| 100 ## - MAIN ENTRY--PERSONAL NAME |
| Personal name |
Wordsworth, William. |
| 245 ## - TITLE STATEMENT |
| Title |
William Wordsworth : |
| Remainder of title |
selected poems / |
| Statement of responsibility, etc. |
William Wordsworth ; Edited and with an introduction and notes by Stephen Gill. |
| 260 ## - PUBLICATION, DISTRIBUTION, ETC. |
| Place of publication, distribution, etc. |
England : |
| Name of publisher, distributor, etc. |
Penguin Books, |
| Date of publication, distribution, etc. |
c2004. |
| 300 ## - PHYSICAL DESCRIPTION |
| Extent |
xxxiii, 314 pages ; |
| Dimensions |
20 cm. |
| 600 ## - SUBJECT ADDED ENTRY--PERSONAL NAME |
| Personal name |
Wordsworth, William, |
| Dates associated with a name |
1770-1850. |
| 700 ## - ADDED ENTRY--PERSONAL NAME |
| Personal name |
Gill, Stephen |
| 942 ## - ADDED ENTRY ELEMENTS (KOHA) |
| Source of classification or shelving scheme |
|
| Koha item type |
Book |